| 000 | 00430nam a2200121Ia 4500 | ||
|---|---|---|---|
| 008 | 200928s9999 xx 000 0 und d | ||
| 020 | _a978-971-9654-20-9 | ||
| 100 | _aMedina, Roberto G. | ||
| 245 |
_cRoberto G. Medina.-- _aHotel and resort front office management / |
||
| 260 |
_aManila : _bUnlimited Books Library Services & Publishing Inc. _c2016 |
||
| 300 |
_ax , 242 pages : _billustrations ; _c23 cm. |
||
| 650 | _aHotel keepers | ||
| 999 |
_c364516 _d364516 |
||